| 000 | 00676nam a22001697a 4500 | ||
|---|---|---|---|
| 008 | 100808t xxu||||| |||| 00| 0 eng d | ||
| 082 |
_222 _a181.2 _bح ب ا |
||
| 100 | 1 |
_917301 _aالحبابى ، محمد عزيز |
|
| 245 |
_aمن الحريات إلى التحرر / _cمحمد عزيز الحبابى |
||
| 260 |
_aالقاهرة : _bدار المعارف ، _c1972. |
||
| 300 |
_a238 ص ؛ _bايض : _c24 سم. |
||
| 490 |
_916205 _aمكتبة الدراسات الفلسفية |
||
| 504 | _aيحتوى على إرجاعات ببليوجرافية | ||
| 541 | _aألف باء ؛ | ||
| 650 |
_917306 _aالفلسفة العربية |
||
| 942 |
_2ddc _cBB |
||
| 999 |
_c14646 _d14646 |
||